Testing the Neoclassical Model of Family Labor Supply and Fertility

Gespeichert in:
Bibliographische Detailangaben
1. Verfasser: Schultz, Paul T.
Format: Buch
Sprache:Englisch
Veröffentlicht: New Haven Yale University 1991
Ausgabe:1. ed.
Schriftenreihe:Center Paper No.445
Tags: Tag hinzufügen
Keine Tags, Fügen Sie das erste Tag hinzu!

MARC

LEADER 00000nam a2200000 4500
001 c030447
005 20221214095045.2
041 0 |a eng 
044 |a US 
245 1 0 |a Testing the Neoclassical Model of Family Labor Supply and Fertility  |c Paul T. Schultz 
250 |a 1. ed. 
264 1 |a New Haven  |b Yale University  |c 1991 
300 |a S.600-634 
490 1 |a Center Paper  |v No.445 
830 0 |a Center Paper  |v No.445 
100 1 |a Schultz, Paul T.